000 00294nam a22001337a 4500
001 1921
003 OSt
005 20260408124304.0
008 260408b |||||||| |||| 00| 0 eng d
040 _beng
_cself
100 _aRanganathan,S.R.
245 _aLibrary classificaton
942 _2ddc
_cBOOK
_n1
999 _c1921
_d1921